Rekordtransfers - FC Bayern München - Statistiken

Allgemein
  • Dieses Quiz wurde 462 mal gespielt
    196 seit der letzten Aktualisierung
  • Das Durchschnittsergebnis liegt bei 19 aus 25
Antwortstatistiken
Saison Nation Ablöse Spieler % Korrekt
2023/24 England 95,00 Mio Harry Kane
100%
2025/26 Kolumbien 70,00 Mio Luis Diaz
96%
2024/25 Frankreich 53,00 Mio Michael Olise
95%
2023/24 Südkorea 50,00 Mio Min-Jae Kim
94%
2022/23 Niederlande 67,00 Mio Matthijs De Ligt
89%
2019/20 Frankreich 80,00 Mio Lucas Hernandez
87%
2015/16 Chile 39,25 Mio Arturo Vidal
86%
2007/08 Frankreich 30,00 Mio Franck Ribery
84%
2022/23 Senegal 32,00 Mio Sadio Mane
84%
2009/10 Niederlande 25,00 Mio Arjen Robben
81%
2020/21 Deutschland 49,00 Mio Leroy Sane
81%
2021/22 Frankreich 42,50 Mio Dayot Upamecano
80%
2012/13 Spanien 40,00 Mio Javi Martinez
80%
2013/14 Deutschland 37,00 Mio Mario Gotze
77%
2015/16 Brasilien 30,00 Mio Douglas Costa
71%
2017/18 Frankreich 41,50 Mio Corentin Tolisso
69%
2013/14 Spanien 25,00 Mio Thiago
69%
2016/17 Deutschland 35,00 Mio Mats Hummels
68%
2016/17 Portugal 35,00 Mio Renato Sanches
65%
2011/12 Deutschland 30,00 Mio Manuel Neuer
63%
2019/20 Frankreich 35,00 Mio Benjamin Pavard
59%
2024/25 Portugal 51,00 Mio Joao Palhinha
59%
2014/15 Marokko 28,00 Mio Medhi Benatia
56%
2009/10 Deutschland 30,00 Mio Mario Gomez
53%
2023/24 Frankreich 30,00 Mio Sacha Boey
43%
Keine übereinstimmenden Quizze gefunden
Verteilung der Resultate
Anzahl Personen mit jedem Resultat
Perzentil nach korrekt beantworteten Fragen
Ihre Resultats-Entwicklung
Sie haben dieses Quiz seit der letzten Aktualisierung nicht gespielt